• 首页
  • 本馆介绍
  • 公告通知
  • 最新文献
  • 馆藏检索
  • 电子资源
  • 读者导购
  • 参考咨询
  • 我的图书馆
  • 登录
  • 详细信息显示
  • 放入我的书架
  • 预约/预借图书
  • 作者相关作品
  • 分类相关作品
  • 丛书相关作品
  • 出版社相关作品

书目信息

  • 表格格式
  • 工作单格式
  • 卡片格式
题名:
对外汉语教学语法
    
 
作者: 齐沪扬 主编
分册:  
出版信息: 上海   复旦大学出版社  2005
页数: 385页
开本: 23cm
丛书名: 复旦博学·语言学系列
单 册:
中图分类: H195.3
科图分类:
主题词: 汉语--语法--对外汉语教学--教学研究 , 汉语 , 语法 , 对外汉语教学
电子资源:
ISBN: 7-309-04445-2
000 01059oam2 2200313 450
001 012007417851
005 20070525150252.21
010    @a7-309-04445-2@dCNY36.00
100    @a20070517d2005 km y0chiy0120 ea
101 0  @achi
102    @aCN@b310000
105    @ay z 000yy
106    @ar
200 1  @a对外汉语教学语法@Adui wai han yu jiao xue yu fa@f齐沪扬主编@Fqi hu yang zhu bian
210    @a上海@c复旦大学出版社@d2005
215    @a385页@d23cm
225 2  @a复旦博学·语言学系列
300    @a上海市重点学科建设项目资助
330    @a本书全面地描述了对外汉语教学语法系统,详细分析了汉语语素、词类和句子成分,讨论了汉语语法偏误分析的原则和方法,并描写了语法分析偏误的各种类型。
461  0 @12001 @a复旦博学·语言学系列
510 1  @aGrammar to teaching Chinese as a foreign language@zeng
606 0  @a汉语@x语法@x对外汉语教学@x教学研究
606 0  @a汉语
606 0  @a语法
606 0  @a对外汉语教学
690    @aH195.3@v4
701  0 @a齐沪扬@Aqi hu yang@f(1950.8~)@4主编
801  0 @aCN@bRULIN@c20070525
905    @dH195.3@e241@s5
    
    对外汉语教学语法/齐沪扬主编.-上海:复旦大学出版社,2005
    385页;23cm.-(复旦博学·语言学系列)
    上海市重点学科建设项目资助
    
    ISBN 7-309-04445-2:CNY36.00
    本书全面地描述了对外汉语教学语法系统,详细分析了汉语语素、词类和句子成分,讨论了汉语语法偏误分析的原则和方法,并描写了语法分析偏误的各种类型。
●
相关链接 在E读中查询图书 在五车中查询图书 在当当中查询图书 在豆瓣中查询图书


正题名:对外汉语教学语法     索取号:H195.3/241         预约/预借

序号 登录号 条形码 馆藏地/架位号 状态 备注
1 0580859   205808599   第二样本阅览室/ [索取号:H195.3/241] 在馆    
2 0580860   205808606   第四借阅区/ [索取号:H195.3/241] 已借出,限还日期为2020.12.21
借出人:李 扬  
 
3 0580861   205808615   第四借阅区/ [索取号:H195.3/241] 在馆    
4 0580862   205808624   第四借阅区/ [索取号:H195.3/241] 在馆    
5 0580863   205808633   第四借阅区/ [索取号:H195.3/241] 在馆    
唐山师范学院图书馆 欢迎您!
大连网信软件有限公司© 版权所有